Tifus /

Guardado en:
Autor Corporativo: Videoteca CEA.
Formato: Deslizar
Series:Consejos para la salud
Materias:
Etiquetas: Agregar Etiqueta
Sin Etiquetas, Sea el primero en etiquetar este registro!
LEADER 00842ngm a22002535g 4500
001 CEM.cems021890
008 130507b1993##################0###0#####d
005 20240918180459.0
245 1 0 |a Tifus /  |c Videoteca CEA. 
300 |a 05 
490 0 |a Consejos para la salud 
500 |a En soporte VHS, consultar en ventanilla. 
505 0 |a Zonas de riesgo. Bacterias que la provocan. Cómo se detecta. Prevención doméstica. Medicamentos. 
538 |a Soporte: VHS - Norma: Pal N - Color - Grabación DRD 1993 - Hitachi=2000 
110 2 |a Videoteca CEA. 
082 6 1 |. 9/ENF 
653 |a MEDICINA 
653 |a EDUCACION PARA LA SALUD 
653 |a ENFERMEDADES 
653 |a TIFUS 
653 |a SALUD 
653 |a NIVEL PRIMARIO 
653 |a NIVEL SECUNDARIO 
859 |a CEMS  |b BIB. CEMS - Depto. Recursos Didacticos  |h 616.9  |i ENF  |k DRD  |p 533.12  |t Ej.1